One-Minute Crossword V Quiz Stats

 Plays Quiz Updated Sep 7, 2017

     
Support Sporcle.
Go Orange.
Score 0/16 Timer 01:00
1 Play Today
% Correct
A 
96.8%
R 
95.8%
C 
95.6%
N 
95.3%
T 
94.5%
E 
94.3%
I 
94.1%
O 
93.8%
% Correct
A 
93.7%
N 
92.5%
N 
92.4%
R 
90.8%
Z 
90.6%
C 
89.9%
O 
89.1%
K 
87.8%

From the Vault

Rhymes with 'Late'

by HovercraftEels

It's high time to rhyme.
Remove Ads.
Support Sporcle.
Get the best of Sporcle when you Go Orange. This ad-free experience offers more features, more stats, and more fun while also helping to support Sporcle. Thank you for becoming a member.

Show Comments

Extras

Top Quizzes Today


Score Distribution

Your Account Isn't Verified!

In order to create a playlist on Sporcle, you need to verify the email address you used during registration. Go to your Sporcle Settings to finish the process.

Report this User

Report this user for behavior that violates our Community Guidelines.

Details: